ბათუმის შოთა რუსთაველის სახელმწიფო უნივერსიტეტის ბიბლიოთეკა

ქართული მითოსის ინდური ფესვები / (ბიბ.ჩანაწერი № 42055)

000 -ლიდერი
ფიქსირებული სიგრძის საკონტროლო ველი 01319nam a2200289Ia 4500
001 - საკონტროლო ნომერი
საკონტროლო ველი 8745
003 - საკონტროლო ნომრის იდენტიფიკატორი
საკონტროლო ველი GE_BSU
005 - ბოლო ოპერაციის თარიღი და დრო
საკონტროლო ველი 20240513165443.0
008 - ფიქსირებული სიგრძის მონაცემთა ელემენტები - ზოგადი ინფორმაცია
ფიქსირებული სიგრძის საკონტროლო ველი 181216s2014||||ge |||||||||||||| ||geo||
020 ## - წიგნის საერთაშორისო სტანდარტული ნომერი
International Standard Book Number 9789941061318
040 ## - კატალოგიზაციის წყარო
Transcribing agency GE_BSU
041 ## - ენის კოდი
Language code of text/sound track or separate title geo
080 ## - უნივერსალური ათობითი კლასიფიკაციის ინდექსი
Universal Decimal Classification number 821.353.1-91.09 წ–87
100 ## - მთავარი ჩანაწერი - პიროვნების სახელი
Personal name წულუკიძე, ნუგზარ
9 (RLIN) 3752
245 ## - ცნობა სათაურის შესახებ
Title ქართული მითოსის ინდური ფესვები /
Statement of responsibility, etc ნუგზარ წულუკიძე ; რედ. უჩა ოქროპირიძე.
264 ## - წარმოების, გამოცემის, დისტრიბუციის და სხვა ცნობები
გამოცემის, წარმოების, დისტრიბუციის... ადგილი თბილისი :
გამოცემის, წარმოების, დისტრიბუციის... სახელწოდება შპს ლამპარი,
გამოცემის, წარმოების, დისტრიბუციის... თარიღი 2014.
300 ## - ფიზიკური აღწერა
Extent 191გვ. ;
Dimensions 20 სმ.
500 ## - ზოგადი შენიშვნა
General note დამოწმებანი : გვ. 186-191
520 ## - SUMMARY, ETC.
Summary, etc რეზიუმე რუსულ და ინგლისურ ენებზე
653 ## - INDEX TERM--UNCONTROLLED
Uncontrolled term მითოლოგია
653 ## - INDEX TERM--UNCONTROLLED
Uncontrolled term ქართული მითოსის ინდური ფესვები
653 ## - INDEX TERM--UNCONTROLLED
Uncontrolled term წარმართობა საქართველოში
653 ## - INDEX TERM--UNCONTROLLED
Uncontrolled term ქართული ფოლკლორი
653 ## - INDEX TERM--UNCONTROLLED
Uncontrolled term ქართული მითოსი
700 ## - ADDED ENTRY--PERSONAL NAME
Personal name ოქროპირიძე, უჩა
Relator term რედაქტორი
9 (RLIN) 22079
942 ## - ADDED ENTRY ELEMENTS (KOHA)
Koha item type წიგნი
Source of classification or shelving scheme
ეგზემპლარები
ჩამოწერის სტატუსი დაკარგული ეგზემპლარის სტატუსი კლასიფიკაციის წყარო ან თაროზე გაწყობის სქემა დაზიანების სტატუსი არ გაიცემა მუდმივი მდებარეობა (დაცვის ადგილი) ამჟამინდელი ადგილსამყოფელი თაროზე განთავსების ადგილი შეძენის თარიღი სრული შენახვის შიფრი შტრიხკოდი ბოლო ოპერაციის თარიღი ეგზემპლარის მიმდევრობითი ნომერი (კეტერი?) ფასის ძალაში შესვლის თარიღი ეგზემპლარის სახეობა
          ბათუმის შოთა რუსთაველის სახელმწიფო უნივერსიტეტის მთავარი ბიბლიოთეკა ბათუმის შოთა რუსთაველის სახელმწიფო უნივერსიტეტის მთავარი ბიბლიოთეკა წიგნსაცავი 2018-12-17 821.353.1-91.09 წ–87 26735 2018-12-17 26735 2018-12-17 წიგნი
          ბათუმის შოთა რუსთაველის სახელმწიფო უნივერსიტეტის მთავარი ბიბლიოთეკა ბათუმის შოთა რუსთაველის სახელმწიფო უნივერსიტეტის მთავარი ბიბლიოთეკა წიგნსაცავი 2024-05-13 821.353.1-91.09 წ–87 26734 2024-05-13 26734 2024-05-13 წიგნი
          ბათუმის შოთა რუსთაველის სახელმწიფო უნივერსიტეტის მთავარი ბიბლიოთეკა ბათუმის შოთა რუსთაველის სახელმწიფო უნივერსიტეტის მთავარი ბიბლიოთეკა წიგნსაცავი 2024-05-13 821.353.1-91.09 წ–87 26736 2024-05-13 26736 2024-05-13 წიგნი